History of Indian Army by R.C. Shahi / (Record no. 172290)

MARC details
000 -LEADER
fixed length control field 00579nam a22001937a 4500
005 - DATE AND TIME OF LATEST TRANSACTION
control field 20200131111132.0
010 ## - LCCN (DPL NO)
LC control number ENG-127582
020 ## - INTERNATIONAL STANDARD BOOK NUMBER
International Standard Book Number 9788194006633
Terms of availability 895.00
035 ## - SYSTEM CONTROL NUMBER
System control number EN-111114
037 ## - SOURCE OF ACQUISITION
Source of stock number/acquisition DBAD/PUB
082 ## - DEWEY DECIMAL CLASSIFICATION NUMBER
Classification number 355.00954
100 ## - MAIN ENTRY--PERSONAL NAME
Personal name Shahi,R.C
245 ## - TITLE STATEMENT
Title History of Indian Army by R.C. Shahi /
Statement of responsibility, etc by R.C. Shahi
260 ## - PUBLICATION, DISTRIBUTION, ETC. (IMPRINT)
Place of publication, distribution, etc New Delhi
Name of publisher, distributor, etc Akashdeep
Date of publication, distribution, etc 2019
270 ## - ADDRESS
City New Delhi
Address 1/1079 E,Mehrauli
Postal code 11000
300 ## - PHYSICAL DESCRIPTION
Extent 236p.
Other physical details 22 cm(hb)
500 ## - GENERAL NOTE
General note include Bibliographical references and index
942 ## - ADDED ENTRY ELEMENTS (KOHA)
Source of classification or shelving scheme Dewey Decimal Classification
Item type English Books
Classification part 355.00954
Call number suffix SHA
Holdings
Withdrawn status Lost status Not for loan Collection code Home library Current library Date acquired Source of acquisition Cost, normal purchase price Full call number Barcode Copy number Cost, replacement price Koha item type
      Non-fiction Sarojini Nagar Sarojini Nagar 31/01/2020 DBAD/PUB 895.00 355.00954 SHA EN-111114 1 895.00 English Books

© Delhi Public Library
Hit Counter
free hit counter